| 000 | 00763nam a2200253 i 4500 | ||
|---|---|---|---|
| 003 | DO-SdBNP | ||
| 005 | 20250314085828.0 | ||
| 007 | ta | ||
| 008 | 250314s2011 dr r 000 0 spa d | ||
| 020 | _a9789945877236 | ||
| 040 |
_aDO-SdBNP _bspa _cBNPHU _erda |
||
| 082 |
_axxxx _bR426L, _222 |
||
| 110 | 1 |
_aRepública Dominicana _9447 |
|
| 240 | 1 | 0 | _a[Leyes, etc.] |
| 245 | 1 | 0 |
_aLey núm. 28-11, orgánica del Consejo del Poder Judicial : _bdel 20 de enero 2011 / |
| 264 | 1 |
_aSanto Domingo : _bPoder Judicial, _c2011. |
|
| 300 |
_a64 páginas _c21 cm. |
||
| 336 |
_atexto _btxt _2rdacontent |
||
| 337 |
_asin mediación _bn _2rdamedia |
||
| 338 |
_ardacarrier _bnc _2rdacarrier |
||
| 590 | _aInventariado, 2025/ YL | ||
| 910 | _aYLockward | ||
| 942 |
_2ddc _cLBS1 |
||
| 999 |
_c58422 _d58422 |
||